00597nam a22001937a 450000500170000000800410001704000070005804100120006508200240007710000300010124500650013126000530019630000280024965000250027765000280030265000230033070000240035370000260037720240629110352.0220614b ||||| |||| 00| 0 eng d cAL aEnglish 223a330.95042bDITA aLowell Dittmer and others aAsian Survey: A Monthly Review of Contemporary Asian Affairs aCaliforniabUniversity of California Pressc1998 a108 p.bPBc23x15.2 cm. apolitical conditions aInternational relations a foreign relations aDITTMER (Lowell) Ed aKALLGREN (Joyce K) Ed